000 00770nam a22002411 4500
001 bimo0001073387
003 OSt
005 20140829213003.0
008 900725s1962 sp spa
035 _a(OCoLC)432410377
040 _aSpMaBN
_cBMC
082 _a910.91 - 508
100 1 0 _9216
_aLa Condamine, Charles-Marie de
_d1701-1774
245 1 0 _aViaje a la América meridional
_cCarlos Mª de la Condamine ; [traducción de Federico Ruiz Morcuende]
250 _a4ª ed
260 0 _aMadrid
_bEspasa-Calpe
_c1962
300 _a155 p.
_c18 cm
490 0 _aAustral
_v268
651 _9225
_aAmazonia
_xDescubrimientos y exploraciones
650 _9230
_aExpediciones científicas
_zAmérica del Sur
700 1 1 _aRuiz Morcuende, Federico
_9217
942 _2ddc
_cBK
999 _c189
_d189